[Event "Montigny le Bretonneux op 7th"]
[Site "Montigny le Bretonneux"]
[Date "2003.05.03"]
[Round "4.15"]
[White "Demange, Jean"]
[Black "Miolane, Leo"]
[Result "1/2-1/2"]
[WhiteElo "1620"]
[BlackElo "1160"]
[PlyCount "144"]
[EventDate "2003.05.??"]
[EventType "swiss"]
[EventRounds "9"]
[EventCountry "FRA"]
[SourceTitle "EXT 2004"]
[Source "ChessBase"]
[SourceDate "2003.11.25"]
[SourceVersion "1"]
[SourceVersionDate "2003.11.25"]
[SourceQuality "1"]

1. e4 e5 2. Nc3 Nf6 3. Nf3 Nc6 4. g3 Bc5 5. Bg2 0-0 6. 0-0 d6 7. d3 h6 8. Be3 Bg4 9. Na4 Bd4 10. c3 Bb6 11. Nxb6 axb6 12. h3 Be6 13. a3 d5 14. exd5 Bxd5 15. Re1 Re8 16. Qd2 Qd7 17. Kh2 Rad8 18. Rad1 e4 19. Nh4 exd3 20. Qxd3 Bxg2 21. Qxd7 Rxd7 22. Kxg2 Ne5 23. Nf3 Nc4 24. Bc1 Rxd1 25. Rxd1 c5 26. b3 Ne5 27. Rd6 Ned7 28. Be3 b5 29. Bc1 Rd8 30. Ne5 b6 31. b4 Kf8 32. bxc5 bxc5 33. Be3 Ke7 34. Nc6+ Kxd6 35. Nxd8 Ke7 36. Nc6+ Ke6 37. Na7 Nd5 38. Nxb5 Nxe3+ 39. fxe3 Nb6 40. Nc7+ Kd6 41. Ne8+ Ke5 42. Nxg7 Nd5 43. a4 Nxe3+ 44. Kf3 Nc4 45. Ne8 f5 46. Nc7 h5 47. Nb5 Nd2+ 48. Ke2 Nc4 49. Kf2 Ke4 50. Ke2 f4 51. g4 hxg4 52. hxg4 f3+ 53. Kf2 Kf4 54. g5 Kxg5 55. Kxf3 Kf5 56. Ke2 Ke4 57. Ke1 Ke3 58. Nc7 Kd3 59. Ne6 Na5 60. Nxc5+ Kc4 61. Ne4 Kb3 62. Nc5+ Ka3 63. Kd1 Nc4 64. Kc2 Nb6 65. a5 Na8 66. Kd3 Nc7 67. Kc4 Kb2 68. a6 Na8 69. Kb4 Nc7 70. c4 Kc2 71. a7 Na8 72. Nd7 Nc7 1/2-1/2

[Event "Montigny le Bretonneux op 7th"]
[Site "Montigny le Bretonneux"]
[Date "2003.05.01"]
[Round "2.7"]
[White "Demange, Jean"]
[Black "Klimchand, Didier"]
[Result "0-1"]
[WhiteElo "1620"]
[BlackElo "1940"]
[PlyCount "28"]
[EventDate "2003.05.??"]
[EventType "swiss"]
[EventRounds "9"]
[EventCountry "FRA"]
[SourceTitle "EXT 2004"]
[Source "ChessBase"]
[SourceDate "2003.11.25"]
[SourceVersion "1"]
[SourceVersionDate "2003.11.25"]
[SourceQuality "1"]

1. e4 c5 2. Nc3 e6 3. Nge2 d5 4. exd5 exd5 5. d4 Nf6 6. g3 Nc6 7. Bg2 Bg4 8. dxc5 Bxc5 9. Nxd5 Nd4 10. Nxf6+ Qxf6 11. c3 Bxe2 12. Qd2 Nf3+ 13. Bxf3 Bxf3 14. 0-0 0-0 0-1

[Event "Montigny le Bretonneux op 7th"]
[Site "Montigny le Bretonneux"]
[Date "2003.05.01"]
[Round "3.13"]
[White "Doebele, Victor"]
[Black "Demange, Jean"]
[Result "1-0"]
[WhiteElo "1550"]
[BlackElo "1620"]
[PlyCount "77"]
[EventDate "2003.05.??"]
[EventType "swiss"]
[EventRounds "9"]
[EventCountry "FRA"]
[SourceTitle "EXT 2004"]
[Source "ChessBase"]
[SourceDate "2003.11.25"]
[SourceVersion "1"]
[SourceVersionDate "2003.11.25"]
[SourceQuality "1"]

1. e4 e6 2. d4 d5 3. Nd2 dxe4 4. Nxe4 Bd7 5. Nf3 Bc6 6. Bd3 Nd7 7. 0-0 Ngf6 8. Re1 Nxe4 9. Bxe4 Bxe4 10. Rxe4 Nf6 11. Re2 c6 12. Bg5 Be7 13. Qd3 Nd5 14. Bxe7 Qxe7 15. Qd2 0-0 16. b3 Rad8 17. c4 Nf6 18. Rd1 Rd6 19. Qa5 b6 20. Qe1 Rfd8 21. Ne5 Qc7 22. Red2 Nd7 23. f4 Nf6 24. Qe3 Kf8 25. h3 c5 26. Kh2 g6 27. g4 Rxd4 28. Rxd4 Rxd4 29. Rxd4 cxd4 30. Qxd4 Ke7 31. Kg3 Nd7 32. Kf3 f6 33. Nd3 Nc5 34. b4 Nxd3 35. Qxd3 Qc6+ 36. Qe4 Qd7 37. Ke3 Qc7 38. Qd4 g5 39. Qe4 1-0